মুক্তির সোপানতলে/ (Record no. 6258)
[ view plain ]
| 000 -LEADER | |
|---|---|
| fixed length control field | 00808nam a22002057a 4500 |
| 003 - CONTROL NUMBER IDENTIFIER | |
| control field | BUBTL |
| 008 - FIXED-LENGTH DATA ELEMENTS--GENERAL INFORMATION | |
| fixed length control field | 200127b xxu||||| |||| 00| 0 eng d |
| 020 ## - INTERNATIONAL STANDARD BOOK NUMBER | |
| International Standard Book Number | 9847000612076 |
| 082 ## - DEWEY DECIMAL CLASSIFICATION NUMBER | |
| Classification number | 954.925/ Is41m/ 2001 |
| 100 ## - MAIN ENTRY--PERSONAL NAME | |
| 9 (RLIN) | 2294 |
| Personal name | ইসলাম, রফিকুল |
| 245 ## - TITLE STATEMENT | |
| Title | মুক্তির সোপানতলে/ |
| Statement of responsibility, etc. | রফিকুল ইসলাম |
| 250 ## - EDITION STATEMENT | |
| Edition statement | 1st Edn. |
| 260 ## - PUBLICATION, DISTRIBUTION, ETC. (IMPRINT) | |
| Place of publication, distribution, etc. | ঢাকা : |
| Name of publisher, distributor, etc. | আগামী প্রকাশনী, |
| Date of publication, distribution, etc. | c2001 |
| 300 ## - PHYSICAL DESCRIPTION | |
| Extent | 280 p.: |
| Dimensions | 22 cm. |
| 505 ## - FORMATTED CONTENTS NOTE | |
| Formatted contents note | মুক্তির সোপানতলে, রফিকুল ইসলাম, মুক্তিযুদ্ধ |
| 650 #0 - SUBJECT ADDED ENTRY--TOPICAL TERM | |
| 9 (RLIN) | 1755 |
| Topical term or geographic name as entry element | মুক্তিযুদ্ধ |
| 856 ## - ELECTRONIC LOCATION AND ACCESS | |
| Password | 0 |
| Logon | 0 |
| Link text | Download |
| 942 ## - ADDED ENTRY ELEMENTS (KOHA) | |
| Source of classification or shelving scheme | |
| Koha item type | Books |
| Withdrawn status | Lost status | Source of classification or shelving scheme | Damaged status | Not for loan | Collection code | Permanent location | Current location | Shelving location | Date acquired | Source of acquisition | Inventory number | Total Checkouts | Full call number | Barcode | Date last seen | Copy number | Price effective from | Koha item type |
|---|---|---|---|---|---|---|---|---|---|---|---|---|---|---|---|---|---|---|
| Non-fiction | Bangladesh University of Business and Technology Library | Bangladesh University of Business and Technology Library | Purchase | 22601 | 954.925 / Is41m | BUBTL-200322601 | 01/27/2020 | C-1 | 01/27/2020 | Books | ||||||||
| Non-fiction | Bangladesh University of Business and Technology Library | Bangladesh University of Business and Technology Library | Purchase | 22602 | 954.925 / Is41m | BUBTL-200322602 | 01/27/2020 | C-2 | 01/27/2020 | Books | ||||||||
| Non-fiction | Bangladesh University of Business and Technology Library | Bangladesh University of Business and Technology Library | Historical Books | 11/15/2022 | Purchase | 29087 | 954.925/ Is41m/ 2001 | BUBTL-200329087 | 11/21/2022 | C-3 | 11/21/2022 | Books | ||||||
| Non-fiction | Bangladesh University of Business and Technology Library | Bangladesh University of Business and Technology Library | Historical Books | 11/15/2022 | Purchase | 29088 | 954.925/ Is41m/ 2001 | BUBTL-200329088 | 11/21/2022 | C-4 | 11/21/2022 | Books | ||||||
| Non-fiction | Bangladesh University of Business and Technology Library | Bangladesh University of Business and Technology Library | Historical Books | 11/15/2022 | Purchase | 29089 | 954.925/ Is41m/ 2001 | BUBTL-200329089 | 11/21/2022 | C-5 | 11/21/2022 | Books | ||||||
| Non-fiction | Bangladesh University of Business and Technology Library | Bangladesh University of Business and Technology Library | Historical Books | 11/15/2022 | Purchase | 29090 | 954.925/ Is41m/ 2001 | BUBTL-200329090 | 11/21/2022 | C-6 | 11/21/2022 | Books | ||||||
| Non-fiction | Bangladesh University of Business and Technology Library | Bangladesh University of Business and Technology Library | Historical Books | 11/15/2022 | Purchase | 29091 | 954.925/ Is41m/ 2001 | BUBTL-200329091 | 11/21/2022 | C-7 | 11/21/2022 | Books |
